Gravity Falls Quiz - Statistics

General Stats
  • This quiz has been taken 595 times
  • The average score is 25 of 35
Answer Stats
Hint Answer % Correct
Main Character #1 Dipper
100%
Main Character #2 Mabel
99%
Dipper's crush Wendy
99%
Who owns above^ Grunkle Stan
98%
Handy man of the shack Soos
97%
The name of the tourist trap Mystery Shack
96%
Pet pig of above^ Waddles
96%
Who is the Yellow Triangle? Bill Cipher
92%
Who turned out to be... Gnomes
92%
Who runs the Tent of Telepathy Gideon
90%
How many journals are there? 3
87%
Who did Grunkle Stan have a crush on? Lazy Susan
82%
Who is the rich family in Gravity Falls Northwests
82%
What state is Gravity Falls in? Oregon
81%
Robbie
80%
How many pounds does waddles weigh? 15
77%
The person who runs the Gravity Fall's Newspaper Toby
74%
What is Stan's lair behind? A vending machine
66%
What does Mabel get in the first episode of Gravity Falls? Grapling Hook
65%
Wendy's Dad Manly Dan
65%
Wendy's Best Friends Tambry
63%
Thompson
62%
Who created the blind eye society? Old man Mcgucket
61%
Mabel's first boyfriend Norman
60%
Who Voices Stan? Alex Hirsch
57%
Who is the dad of the above^ Bud
56%
What is the Gravity Fall's soda? Pitt Cola
55%
What does Soos call his grandma? Abuelita
50%
What is the Newspaper called? Gravity Falls Gossiper
46%
What is the Mystery Shack goat called? Gompers
45%
Lee
41%
What town are Mabel and Dipper from? Piedmont
39%
Nate
37%
Who voices Dipper? Jason Ritter
34%
Who voices Mabel? Kristen Schaal
34%
No matching quizzes found
Score Distribution
Percent of People with Each Score
Percentile by Number Answered
Your Score History
You have not taken this quiz